Central Library OPAC University of Rajshahi

Religion in China / (Record no. 32171)

MARC details
000 -LEADER
fixed length control field 00810cam a22002531 4500
001 - CONTROL NUMBER
control field 32171
003 - CONTROL NUMBER IDENTIFIER
rucl marc code BD-RjUL
005 - DATE AND TIME OF LATEST TRANSACTION
control field 20211209051810.0
008 - FIXED-LENGTH DATA ELEMENTS--GENERAL INFORMATION
fixed length control field 140424s1950 enk 000 0 eng
035 ## - SYSTEM CONTROL NUMBER
System control number (BD-RjUL)32260
040 ## - CATALOGING SOURCE
Original cataloging agency DLC
Transcribing agency OClU
Modifying agency OCoLC
-- ODaWU
-- Uk
-- BD-RjUL
Language of cataloging eng
041 ## - LANGUAGE CODE
Language code of text/sound track or separate title eng
082 ## - DEWEY DECIMAL CLASSIFICATION NUMBER
Classification number 290.951
Author mark and year HUR 1950
100 1# - MAIN ENTRY--PERSONAL NAME
Personal name Hughes, E. R.
Fuller form of name (Ernest Richard),
Dates associated with a name 1883-1956.
9 (RLIN) 50579
245 10 - TITLE STATEMENT
Title Religion in China /
Statement of responsibility, etc. by E.R. Hughes and K. Hughes.
260 ## - PUBLICATION, DISTRIBUTION, ETC. (IMPRINT)
Place of publication, distribution, etc. London :
-- New York ,
Name of publisher, distributor, etc. Hutchinson's University Library,
Date of publication, distribution, etc. 1950.
300 ## - PHYSICAL DESCRIPTION
Pagination 151 p. :
Size 19 cm.
490 0# - SERIES STATEMENT
Series statement Hutchinson's University library: world religions,
Volume/sequential designation no. 39
651 #0 - SUBJECT ADDED ENTRY--GEOGRAPHIC NAME
Geographic name China
General subdivision Religion.
9 (RLIN) 97912
700 1# - ADDED ENTRY--PERSONAL NAME
Personal name Hughes, K.,
Relator term joint author.
942 ## - ADDED ENTRY ELEMENTS (KOHA)
Source of classification or shelving scheme Dewey Decimal Classification
Koha item type Books
Holdings
Lost status Source of classification or shelving scheme Damaged status Not for loan Collection code Permanent Location Current Location Shelving location Date acquired Source of acquisition Cost, normal purchase price Total Checkouts Full call number Date last seen Copy number Koha item type
  Dewey Decimal Classification   Not For Loan Non-fiction Central Library, University of Rajshahi Central Library, University of Rajshahi Reading Room 28/05/1955 CO-OPERATIVE BOOK 4.40   290.951 HUR 1950 24/04/2014 C-1 Books